相互接壤的人口密度差距最大的地级行政区 - Statistics

General Stats
  • This quiz has been taken 31 times
  • The average score is 50 of 72
Answer Stats
省级行政区 地级行政区 % Correct
四川省 阿坝藏族羌族自治州
96%
四川省 成都市
96%
内蒙古自治区 阿拉善盟
91%
内蒙古自治区 乌海市
91%
新疆维吾尔自治区 乌鲁木齐市
91%
四川省 德阳市
87%
内蒙古自治区 鄂尔多斯市
87%
河北省 保定市
83%
河北省 承德市
83%
广东省 广州市
83%
浙江省 杭州市
83%
安徽省 黄山市
83%
广东省 清远市
83%
辽宁省 沈阳市
83%
四川省 雅安市
83%
宁夏回族自治区 银川市
83%
福建省 福州市
78%
甘肃省 兰州市
78%
河北省 石家庄市
78%
山西省 太原市
78%
新疆维吾尔自治区 吐鲁番市
78%
陕西省 西安市
78%
河北省 张家口市
78%
广东省 肇庆市
78%
广东省 佛山市
74%
陕西省 汉中市
74%
福建省 龙岩市
74%
江西省 南昌市
74%
江苏省 南京市
74%
福建省 南平市
74%
福建省 三明市
74%
陕西省 商洛市
74%
广东省 韶关市
74%
河北省 唐山市
74%
湖北省 武汉市
74%
山西省 忻州市
74%
陕西省 安康市
70%
新疆维吾尔自治区 巴音郭楞蒙古自治州
70%
辽宁省 本溪市
70%
辽宁省 阜新市
70%
青海省 海南藏族自治州
70%
云南省 昆明市
70%
山西省 吕梁市
70%
福建省 泉州市
70%
青海省 西宁市
70%
湖北省 咸宁市
70%
新疆维吾尔自治区 阿勒泰地区
65%
辽宁省 抚顺市
65%
青海省 海北藏族自治州
65%
四川省 凉山彝族自治州
65%
内蒙古自治区 通辽市
65%
甘肃省 武威市
65%
安徽省 宣城市
65%
陕西省 宝鸡市
61%
江苏省 常州市
61%
云南省 楚雄彝族自治州
61%
贵州省 贵阳市
61%
江苏省 无锡市
61%
陕西省 咸阳市
61%
陕西省 延安市
61%
江西省 抚州市
57%
贵州省 黔南布依族苗族自治州
57%
陕西省 渭南市
57%
甘肃省 庆阳市
52%
广东省 揭阳市
48%
浙江省 丽水市
48%
广东省 梅州市
48%
浙江省 温州市
48%
浙江省 台州市
43%
浙江省 金华市
35%
山西省 晋城市
35%
河南省 焦作市
30%
No matching quizzes found
Score Distribution
Percent of People with Each Score
Percentile by Number Answered
Your Score History
You have not taken this quiz